Algunos efectos socioeducativos en México por la apresurada firma del TLC /

محفوظ في:
التفاصيل البيبلوغرافية
المؤلف الرئيسي: Martínez Jiménez, Alejandro
التنسيق: نص
الموضوعات:
الوسوم: إضافة وسم
لا توجد وسوم, كن أول من يضع وسما على هذه التسجيلة!

MARC

LEADER 00000 a a2200000 04500
001 45898
003
040
100 |a Martínez Jiménez, Alejandro  
245 |a Algunos efectos socioeducativos en México por la apresurada firma del TLC /  |c Alejandro Martínez Jiménez  
650 |a MEXICO  
773 |g número71 (1994), páginas 12-15  
999 |c 28891  |d 28891